Couleur Rouge - Statistiques

Statistiques générales
  • Ce quiz a été pris 90 fois
  • Le résultat moyen est 11 sur 15
Statistiques - réponses
Question Réponse % Correct
Marque américaine de soda (gazeux) de couleur rouge. Il aurait rendu un célèbre personnage de Noël rouge, mais cela n'est, en réalité, pas vrai. Coca-Cola
100%
Personnage légendaire rouge livrant des cadeaux pour Noël. Père Noël
100%
Fête des amoureux souvent associée à la couleur rouge. Saint-Valentin
100%
Créé en 2005, ce site Internet (et application mobile) qui permet de visionner et de publier des vidéos constitue une des plus grandes filiales de Google, depuis son rachat en 2006. Son logo est connu pour sa couleur rouge (et blanche). YouTube
95%
Boisson de couleur rouge représentant le "sang du Christ" dans la tradition chrétienne. Le vin
94%
Deuxième pays le plus peuplé au monde, son drapeau est celui possédant le plus de rouge parmi tous les drapeaux nationaux. Il en serait composé d'environ 97.6% contre 97.0% pour le Maroc et 93.9% pour la Turquie. Chine
90%
Conte de tradition orale d'origine française ; c'est l'histoire d'une petite fille vêtue principalement de rouge et qui doit traverser la forêt pour aller voir sa grand-mère. Mais sur son chemin, elle rencontre un méchant loup ! Le Petit Chaperon Rouge
90%
Personnage fictif de couleur rouge qui apparait dans le célèbre dessin animé Vice-Versa. Il représente une émotion. Qui est-ce / quelle est-elle ? Colère
88%
Opérateur de télécommunications français créé en 1987, il est, chronologiquement, après Orange, le deuxième des quatre opérateurs de téléphonie nationaux privés français. Son logo est lui aussi constitué de rouge (et de blanc). SFR
82%
En allemand, rouge se traduit de sorte que sa traduction nous donne un autre mot français correspondant à "l'expulsion de gaz de l'estomac par la bouche". Comment dit-on "rouge" en allemand ? Rot
81%
Il a chanté "rouge" en 1984. Aide : Il a aussi chanté "Les lacs du Connemara". Michel Sardou
70%
Petit fruit de couleur rouge issu de plantes herbacées. Botaniquement parlant, il s'agit d'un faux fruit. Au Néolithique, celui-ci poussait à l'état sauvage en Amérique et en Asie, mais aussi dans les zones sub-montagneuses d'Europe occidentale, répandu par des oiseaux. Fraise
68%
Quel célèbre empire possédait un drapeau rouge sur lequel il était inscrit en doré "SPQR" ? L'Empire Romain
46%
Département français représenté par le sacré cœur de Jésus (de couleur rouge). Il est célèbre pour avoir lutté contre les dérives révolutionnaires. Vendée
25%
La couleur rouge est associée à ce cancer pour en représenter la lutte (ruban). Il est la forme la plus répandue des cancers hématologiques (sang), et touche principalement des personnes de plus de 70 ans. Ce cancer touche la moelle osseuse (os/sang). Myélome
7%
Aucun quiz correspondant
Distribution des résultats
% des personnes avec chaque résultat
Percentile par nombre de réponses
Votre historique - résultats
Vous n’avez pas pris ce quiz